Late Night Show Hosts by Picture - Statistics

General Stats
  • This quiz has been taken 61 times
  • The average score is 12 of 17
Answer Stats
Picture Answer % Correct
Conan O'Brien
96%
Jimmy Kimmel
94%
Jimmy Fallon
92%
Stephen Colbert
85%
David Letterman
83%
Jay Leno
81%
Seth Meyers
79%
James Corden
77%
Graham Norton
71%
Jon Stewart
71%
Johnny Carson
69%
John Oliver
67%
Trevor Noah
63%
Bill Maher
56%
Eric Andre
52%
Craig Ferguson
46%
Jonathan Ross
25%
No matching quizzes found
Score Distribution
Percent of People with Each Score
Percentile by Number Answered
Your Score History
You have not taken this quiz